[Event "Colombo Mercantile op 11th"]
[Site "Colombo"]
[Date "2023.05.01"]
[Round "7"]
[White "Pinto, Semuthu"]
[Black "Dulanjaya, Shehan"]
[Result "1-0"]
[WhiteElo "1737"]
[BlackElo "1505"]
[PlyCount "45"]
[EventDate "2023.04.28"]
[EventType "swiss"]
[EventRounds "7"]
[EventCountry "SRI"]
[SourceTitle "CBM 214 Extra"]
[Source "ChessBase"]
[SourceDate "2023.07.31"]
[SourceVersion "1"]
[SourceVersionDate "2023.07.31"]
[SourceQuality "1"]

1. d4 Nf6 2. c4 d5 3. cxd5 Nxd5 4. e4 Nb6 5. Nc3 g6 6. Be3 Bg7 7. h3 N8d7 8. Qd2 0-0 9. Bh6 Nf6 10. Nf3 c6 11. Be2 Be6 12. e5 Ne8 13. Ne4 Bd5 14. Bxg7 Kxg7 15. Nc5 Rb8 16. h4 Rh8 17. h5 h6 18. hxg6 fxg6 19. Nh4 e6 20. Qd3 Qg5 21. f4 Bc4 22. fxg5 Bxd3 23. Bxd3 1-0

[Event "Colombo Mercantile op 11th"]
[Site "Colombo"]
[Date "2023.04.30"]
[Round "4"]
[White "Dulanjaya, Shehan"]
[Black "Tirimanna, Akila"]
[Result "1-0"]
[WhiteElo "1505"]
[BlackElo "1206"]
[PlyCount "151"]
[EventDate "2023.04.28"]
[EventType "swiss"]
[EventRounds "7"]
[EventCountry "SRI"]
[SourceTitle "CBM 214 Extra"]
[Source "ChessBase"]
[SourceDate "2023.07.31"]
[SourceVersion "1"]
[SourceVersionDate "2023.07.31"]
[SourceQuality "1"]

1. e4 c5 2. Nf3 g6 3. c3 Bg7 4. Be2 Nc6 5. d3 Nf6 6. Be3 b6 7. h3 0-0 8. Nbd2 d5 9. e5 Ne8 10. d4 cxd4 11. cxd4 Nc7 12. Rc1 Bb7 13. 0-0 Rc8 14. Nb3 h6 15. Qd2 Kh7 16. Bd3 e6 17. Nh2 Qh4 18. f4 a5 19. a4 Nb4 20. Be2 Ba6 21. Rf3 Bxe2 22. Qxe2 Nca6 23. Bf2 Qe7 24. Qb5 Rxc1+ 25. Nxc1 Qb7 26. Nb3 Qc6 27. Rc3 Qxb5 28. axb5 Nb8 29. Be1 Rd8 30. Kf2 f6 31. Rc7 fxe5 32. Bxb4 axb4 33. fxe5 Nd7 34. Nf3 g5 35. Ke3 Kg6 36. g4 Kf7 37. Kd3 Ke7 38. Ra7 Ke8 39. Ne1 Rc8 40. Nc2 Bf8 41. Ra4 Rc4 42. Nd2 Rc8 43. Nxb4 Rc1 44. Nc6 Rh1 45. Ra8+ Kf7 46. Rd8 Rxh3+ 47. Kc2 Nxe5 48. Nxe5+ Ke7 49. Rb8 h5 50. Ng6+ Kd6 51. Rxf8 hxg4 52. Rf1 g3 53. Rg1 Kd7 54. Ne5+ Ke7 55. Rg2 Kf6 56. Nf1 Rh2 57. Nxh2 gxh2 58. Rxh2 Kf5 59. Kd3 g4 60. Nxg4 Kxg4 61. Rh7 Kf4 62. Rb7 e5 63. dxe5 Kxe5 64. Rxb6 d4 65. Rh6 Kd5 66. b6 Kc5 67. b7 Kd5 68. b8R Kc5 69. Rg8 Kb4 70. Kxd4 Kb3 71. Rc8 Ka2 72. b4 Kb3 73. b5 Ka4 74. b6 Ka5 75. b7 Ka4 76. b8Q 1-0